01340nam a2200253 a 450000100100000000500170001000800410002702000180006804000250008608200220011110000270013324500940016025000120025426000390026630000210030550000680032659000280039495201340042295201340055695201340069095201200082495201250094499900170106900004819620201002061001.0181205s2015 dr r 000 0 spa d a9789945894516 aDO-SdBNPbspacBNPHU axxxxbF316f, 20151 aFéliz, Melvin97278910aFinancieramente sabio :brelatos que pueden mejorar tu vida financiera /cMelvin Féliz. a2a. ed. aSanto Domingo :bFiempresa,c2015. a141 p. ;c23 cm. aIncluye datos biograficos del autor en la solapa de la cubierta aInventariado, 2019 / DG 001054708DSaGRbGRcHDd2018-12-05iLF1l0oxxxx F316f, 2015p48196-30r2020-06-25te.3w2020-06-25yLFDSZPréstamo en sala 001054708DSaGRbGRcHDd2019-04-30iLF1l0oxxxx F316f, 2015p48196-40r2020-06-25te.4w2020-06-25yLFDSZPréstamo en sala 001054708DSaGRbGRcHDd2019-04-30iLF1l0oxxxx F316f, 2015p48196-50r2020-06-25te.5w2020-06-25yLFDSZPréstamo en sala 0010718PDaPDbPDcHDd2018-12-05iLF1l0oxxxx F316f, 2015p48196-10r2020-06-25w2020-06-25yLFPDZNo se presta 0010718PDaPDbPDcHDd2018-12-05iLF1l0oxxxx F316f, 2015p48196-20r2020-06-25te.2w2020-06-25yLFPDZNo se presta c47684d47684